000 00627cam a2200229 4500
001 J119108
008 000000n2002 000 0 eng u
035 _a(Sirsi) u119108
050 _a338.4369094
110 _aEuroconstruct
_92964
245 _a53rd euroconstruct conference : Dublin. Construction in Europe 2002-2004 : summary report
260 _aDublin
_bDKM Economic Consultants
_c2002
300 _a265p.
_c30cm.
350 _a775.00
650 _aEUROPE
650 _aSTATISTICS
650 _aECONOMIC ISSUES
650 _aHOUSING
650 _aEUROCONSTRUCT
690 _aBUILT ENVIRONMENT
942 _n0
999 _c102252
_d102252